Normal view MARC view
  • Drama

Entry Materia

Number of records used in: 7

001 - NÚMERO DE CONTROL DEL REGISTRO

  • campo de control: 12952

003 - IDENTIFICADOR DE NUMERO DE CONTROL

  • campo de control: UPN

005 - FECHA Y HORA DE LA ÚLTIMA TRANSACCIÓN

  • campo de control: 20220602143512.0

008 - DATOS DE LONGITUD FIJA

  • campo de control de longitud fija: nabaccnnaabn|||||||||| b |nc|||||d

035 ## - NÚMERO DE CONTROL DEL SISTEMA

  • Número de control del sistema: UPN10000012960

040 ## - FUENTE DE LA CATALOGACIÓN

  • Lengua de catalogación: SPA
  • Agencia de transcripción: UPN
  • Centro catalogador de origen: UPN

046 ## - FECHAS CON CODIFICACIÓN ESPECIAL

  • Fecha final para contenidos agregados: 220602

150 ## - ENCABEZAMIENTO - TEMÁTICO

  • Término de materia o nombre geográfico como elemento inicial: Drama

360 ## - REFERENCIA COMPLEJA DE VÉASE ADEMÁS - MATERIA

  • Texto explicativo: Véase también
  • Encabezamiento al que se remite: [DRAMA ALEMAN ; DRAMA FRANCES ; DRAMA INGLES]
  • Texto explicativo: y subdivisión de
  • Encabezamiento al que se remite: DRAMA
  • Texto explicativo: bajo nombres de personas famosas y materias especiales. Ej.:
  • Encabezamiento al que se remite: FRANCIA - HISTORIA - REVOLUCION - DRAMA ; INDIOS DE AMERICA DEL NORTE - DRAMA ; PASCUA DE RESURRECCION - DRAMA

670 ## - FUENTE EN LA QUE SE LOCALIZARON DATOS

  • Cita de la fuente: E

680 ## - NOTA GENERAL CON DESPLIEGUE PÚBLICO

  • Texto explicativo: Aquí se asientan las obras relacionadas con el asunto del drama en general. Los obras sobre la historia y crítica del drama se asientan bajo
  • Encabezamiento: DRAMA - HISTORIA Y CRITICA.
  • Texto explicativo: Confróntese la nota bajo
  • Encabezamiento: LITERATURA

902 ## - CATALOGADOR

  • Catalogador: CAA/160707